Гидрологический ежегодник, 1957 г. Т. 8: Бассейны морей Лаптевых, Восточно-Сибирского и Чукотского (Запись № 8544013)

Подробности
000 -МАРКЕР
контрольное поле 01841nam2a2200265 4500
001 - ИДЕНТИФИКАТОР ЗАПИСИ
контрольное поле rc\4369043
005 - ИДЕНТИФИКАТОР ВЕРСИИ
контрольное поле 20260605141814.0
035 ## - ДРУГИЕ СИСТЕМНЫЕ НОМЕРА
Идентификатор записи (NLR Aleph) 008285614
100 ## - ДАННЫЕ ОБЩЕЙ ОБРАБОТКИ
Данные общей обработки 20130416d1962 km|y0rusy50 ba
101 0# - ЯЗЫК РЕСУРСА
Язык текста, звукозаписи и т.д. русский
102 ## - СТРАНА ПУБЛИКАЦИИ ИЛИ ПРОИЗВОДСТВА
Страна публикации Российская Федерация
105 ## - ПОЛЕ КОДИРОВАННЫХ ДАННЫХ: ТЕКСТОВЫЕ МАТЕРИАЛЫ, МОНОГРАФИЧЕСКИЕ
Кодированные данные о монографическом текстовом документе ab i 000yy
200 1# - ЗАГЛАВИЕ И СВЕДЕНИЯ ОБ ОТВЕТСТВЕННОСТИ
Основное заглавие Бассейны морей Лаптевых, Восточно-Сибирского и Чукотского
Обозначение и номер части Вып. 0–7
Наименование части Бассейны морей Лаптевых и Восточно-Сибирского до р. Колыма
Первые сведения об ответственности ... Якутское управление гидрометеорологической службы
Последующие сведения об ответственности под редакцией А. И. Мосаловой, А. А. Афанасьева
210 ## - ПУБЛИКАЦИЯ, РАСПРОСТРАНЕНИЕ И ДР.
Дата издания, распространения и т.д. 1962
215 ## - ФИЗИЧЕСКАЯ ХАРАКТЕРИСТИКА
Специфическое обозначение материала и объем 258, [2] с., [2] л. карт
Другие сведения о физической характеристике табл.
461 #0 - УРОВЕНЬ НАБОРА
Встроенное поле 001RU\NLR\bibl\851887
-- 2001#$aГидрологический ежегодник, 1957 г.$e[результаты наблюдений]$fГлавное управление гидрометеорологической службы при Совете Министров СССР$gпод ред. Г. Н. Павловой$vТ. 8
Системный номер (АБИС) связанной записи 1418191
Место публикации Ленинград [Санкт-Петербург]
Дата публикации 1960–1962
Первые сведения об ответственности Главное управление гидрометеорологической службы при Совете Министров СССР
Имя издателя, распространителя и т.д. ГИМИЗ
Сведения, относящиеся к заглавию [результаты наблюдений]
Заглавие Гидрологический ежегодник, 1957 г.
Номер тома Т. 8
702 #1 - ИМЯ ЛИЦА - ВТОРИЧНАЯ ОТВЕТСТВЕННОСТЬ
Начальный элемент ввода Мосалова
Часть имени, кроме начального элемента ввода А. И.
Код отношения Редактор
712 02 - НАИМЕНОВАНИЕ ОРГАНИЗАЦИИ - ВТОРИЧНАЯ ОТВЕТСТВЕННОСТЬ
Код отношения Прочие
Начальный элемент ввода Якутское управление гидрометеорологической службы
Системный номер авторитетной/нормативной записи 432605
Идентификатор авторитетной/нормативной записи RU\NLR\AUTH\889968121
801 #0 - ИСТОЧНИК ЗАПИСИ
Страна Российская Федерация
Организация NLR
Правила каталогизации psbo
801 #1 - ИСТОЧНИК ЗАПИСИ
Страна Российская Федерация
Организация ELAR
Источник данных rusmarc
852 ## - МЕСТОНАХОЖДЕНИЕ И ШИФР ХРАНЕНИЯ
Идентификатор организации NLR
Шифр хранения (Call Number) 60-9/110
942 ## - ДОПОЛНИТЕЛЬНЫЕ ЭЛЕМЕНТЫ ЗАПИСИ (АБИС)
Тип экземпляра АБИС Книга
980 ## - КОЛЛЕКЦИЯ
Название коллекции Национальная библиография
Экземпляры
Тип экземпляра Дата поступления Библиотека постоянного хранения Библиотека текущего хранения Место хранения Шифр хранения Штрих-код Статус экземпляра
Книга 26.10.2013 РНБ (Московский) РНБ (Московский) Русский книжный фонд: издания с 1957 года 60-9/110 1-1486572